| 000 | 01152nas a2200349 4500 | ||
|---|---|---|---|
| 001 | BR2014006393 | ||
| 003 | BR-BrBNA | ||
| 005 | 20231205124610.0 | ||
| 007 | ta | ||
| 008 | 230509b bl.|||p| |||| 00| 00por d | ||
| 040 |
_aBR-BrBNA _bpor _cBiblioteca Nacional de Agricultura |
||
| 041 | _a(Pt) | ||
| 072 | _aL02; Q70 | ||
| 100 | 1 | _aAzevêdo, J.A.G. | |
| 100 | 1 | _aValadares Filho, S. de C. | |
| 100 | 1 | _aPina, D. dos S. | |
| 100 | 1 | _aDetmann, E. | |
| 100 | 1 | _aValadares, R.F.D. | |
| 100 | 1 | _aPereira, L.G.R. | |
| 100 | 1 | _aSouza, N.K. de P. | |
| 100 | 1 | _aSilva, L.F.C. e | |
| 245 | 1 | _aConsumo, digestibilidade total, produção de proteína microbiana e balanço de nitrogênio em dietas com subprodutos de frutas para ruminantes | |
| 650 | _aALIMENTO ALTERNATIVO | ||
| 650 | _aRUMINANTE | ||
| 650 | _aDIETA | ||
| 650 | _aRESÍDUO INDUSTRIAL | ||
| 650 | _aFRUTA TROPICAL | ||
| 773 | 0 |
_tRevista Brasileira de Zootecnia (Brazil) _xISSN 1806-9290 _g(May 2011), v. 40(5) p. 1052-1060 _wBR2014006393 |
|
| 856 | 4 | 0 | _uhttp://www.scielo.br/pdf/rbz/v40n5/a16v40n5.pdf |
| 909 |
_a202311 _bLúcia _c55 _dLúcia Elande |
||
| 942 |
_2AGRIS _n0 _cANA |
||
| 999 |
_c239914 _d239914 |
||